Eeyore has a birthday / (Record no. 111177)
[ view plain ]
| 000 -LEADER | |
|---|---|
| fixed length control field | 00401nam a2200157 a 4500 |
| 001 - CONTROL NUMBER | |
| control field | 4152 |
| 005 - DATE AND TIME OF LATEST TRANSACTION | |
| control field | 20140414131910.0 |
| 008 - FIXED-LENGTH DATA ELEMENTS--GENERAL INFORMATION | |
| fixed length control field | 090608s19uu xx 00 eng d |
| 020 ## - INTERNATIONAL STANDARD BOOK NUMBER | |
| International Standard Book Number | 0-525-45043-2 |
| 050 ## - LIBRARY OF CONGRESS CALL NUMBER | |
| Classification number | ER |
| Item number | Ee1 1993 |
| 100 ## - MAIN ENTRY--PERSONAL NAME | |
| Personal name | Milne, A. A. |
| 245 ## - TITLE STATEMENT | |
| Title | Eeyore has a birthday / |
| Statement of responsibility, etc | A.A. Milne. |
| 260 ## - PUBLICATION, DISTRIBUTION, ETC. (IMPRINT) | |
| Place of publication, distribution, etc | New York : |
| Name of publisher, distributor, etc | Dutton children's books, |
| Date of publication, distribution, etc | c1993. |
| 300 ## - PHYSICAL DESCRIPTION | |
| Extent | unp. |
| Withdrawn status | Lost status | Damaged status | Home library | Current library | Shelving location | Date acquired | Total Checkouts | Full call number | Barcode | Date last seen | Price effective from | Koha item type |
|---|---|---|---|---|---|---|---|---|---|---|---|---|
| Munich Library | Munich Library | Easy Reading Section | 06/08/2009 | ER Ee1 1993 | M1772 | 04/14/2014 | 04/14/2014 | Books |